Els Arxius històrics municipals : normes bàsiques de classificació / per Ramon Alberch i Fugueras, Francesc Barriach i Molas, Vinyet Panyella normes bàsiques de classificació / per Ramon Alberch i Fugueras, Francesc Barriach i Molas, Vinyet Panyella
MARC
| LEADER | 00000nam a2200000Ia 4500 | ||
|---|---|---|---|
| 001 | 7547 | ||
| 008 | 160829s1982 xx 000 0 cat d | ||
| 080 | |a A-1-214 | ||
| 100 | |a Alberch i Fugueras, Ramon, |d 1951- |9 22280 | ||
| 245 | |a Els Arxius històrics municipals : |b normes bàsiques de classificació / per Ramon Alberch i Fugueras, Francesc Barriach i Molas, Vinyet Panyella | ||
| 260 | |a Barcelona : |b Departament de Cultura i Mitjans de Comunicació de la Generalitat de Catalunya, |c 1982 | ||
| 300 | |a 68 p., [8] p. de làm. ; |c 24 cm | ||
| 650 | |a Documents públics |x Catalunya |x Classificació |x Normes |9 34960 | ||
| 650 | |a Arxius |x Classificació |x Normes |9 34961 | ||
| 700 | |a Barriach i Molas, Francesc |9 34962 | ||
| 700 | |a Panyella, Vinyet |9 34963 | ||
| 710 | 1 | |a Catalunya. |b Departament de Cultura i Mitjans de Comunicació |9 55890 | |
| 901 | |a Arxiu | ||
| 942 | |n 1 | ||
| 952 | |0 0 |1 0 |4 0 |6 A1214 |7 1 |9 46710 |a Arxiu |b Arxiu |d 2016-12-01 |l 0 |o A-1-214 |p 7547 |r 2016-12-01 00:00:00 |w 2016-12-01 |y ARXIU | ||
| 999 | |c 50503 |d 50503 | ||